000 00519nam a2200193Ia 4500
003 GCL
008 140319s9999 xx 000 0 eng d
040 _aGCL /
_cGCL
082 0 4 _a059.927
_bB W
100 1 _aBARAN, BETH
245 1 0 _aTHE WOMEN'S AWAKENING IN EGYPT: CULTURE SOCIETRY AND THE PRESS /
_cBARAN, BETH
260 _a[S.N] :
_bYALE UNIVERSITY PRESS ،
_c1994
300 _a259 P
650 0 4 _aSOCIAL CONDITIONS
650 0 4 _aEGYPT
650 0 4 _aHISTORY
650 0 4 _aEGYPTIAN WOMEN
942 _2ddc
_cBK
999 _c11772
_d11772